[Event "Lazy Baltic Pearl op-A 18th"]
[Site "Lazy"]
[Date "2022.06.29"]
[Round "4"]
[White "Merecki, Antoni"]
[Black "Borkowski, Szymon"]
[Result "1/2-1/2"]
[WhiteElo "1543"]
[BlackElo "1715"]
[PlyCount "104"]
[EventDate "2022.06.26"]
[EventType "swiss"]
[EventRounds "9"]
[EventCountry "POL"]
[SourceTitle "CBM 209 Extra"]
[Source "ChessBase"]
[SourceDate "2022.09.30"]
[SourceVersion "1"]
[SourceVersionDate "2022.09.30"]
[SourceQuality "1"]

1. e4 c5 2. Nc3 Nc6 3. Bb5 Nd4 4. Nf3 a6 5. Bd3 g6 6. b3 Bg7 7. Bb2 d6 8. h3 e6 9. 0-0 Ne7 10. Nxd4 Bxd4 11. Qc1 0-0 12. Ne2 Bxb2 13. Qxb2 Nc6 14. c3 b5 15. Bc2 d5 16. d4 cxd4 17. cxd4 dxe4 18. Bxe4 Bb7 19. Rfd1 Qf6 20. Rd2 Na5 21. Bxb7 Nxb7 22. Rad1 Rfd8 23. Qb1 Rac8 24. Qe4 Nd6 25. Qe5 Ne8 26. Ng3 Rd5 27. Qe3 Nd6 28. Rd3 h5 29. Ne2 b4 30. Nf4 Ra5 31. Qg3 Ne4 32. Qf3 Nc3 33. Qb7 Qd8 34. R1d2 Nxa2 35. d5 Rc1+ 36. Kh2 Qc7 37. Qxc7 Rxc7 38. dxe6 fxe6 39. Nxg6 Kf7 40. Nf4 Nc3 41. Rf3 Ke8 42. Nxe6 Rd7 43. Rxd7 Kxd7 44. Nd4 Rd5 45. Nf5 Ne4 46. g4 hxg4 47. hxg4 a5 48. Kg2 Nd2 49. Re3 a4 50. Ne7 Rd4 51. Nf5 Rd5 52. Ne7 Rd4 1/2-1/2

[Event "Lazy Baltic Pearl op-A 18th"]
[Site "Lazy"]
[Date "2022.06.26"]
[Round "1"]
[White "Bartlomowicz, Jakub"]
[Black "Merecki, Antoni"]
[Result "1-0"]
[WhiteElo "1922"]
[BlackElo "1543"]
[PlyCount "37"]
[EventDate "2022.06.26"]
[EventType "swiss"]
[EventRounds "9"]
[EventCountry "POL"]
[SourceTitle "CBM 209 Extra"]
[Source "ChessBase"]
[SourceDate "2022.09.30"]
[SourceVersion "1"]
[SourceVersionDate "2022.09.30"]
[SourceQuality "1"]

1. e4 e6 2. d4 d5 3. Nd2 Be7 4. c3 Nf6 5. e5 Nfd7 6. Bd3 c5 7. Ne2 Nc6 8. 0-0 Qb6 9. Nf3 g5 10. Bxg5 Bxg5 11. Nxg5 cxd4 12. cxd4 Nxd4 13. Nxd4 Qxd4 14. Nxf7 Rg8 15. Nh6 Rxg2+ 16. Kxg2 Qh4 17. Ng4 Qg5 18. f4 Qg7 19. Kh1 1-0